|
|
|
|
| LEADER |
00000nam0a2200000 4500 |
| 001 |
683448 |
| 005 |
20251222135455.0 |
| 010 |
|
|
|a 978-5-17-155721-8
|
| 090 |
|
|
|a 683448
|
| 100 |
|
|
|a 20251126d2024 m||y0rusy50 ca
|
| 101 |
1 |
|
|a rus
|c eng
|
| 102 |
|
|
|a RU
|
| 105 |
|
|
|a a j 000yy
|
| 181 |
|
0 |
|a i
|b e
|
| 182 |
|
0 |
|a n
|
| 183 |
|
0 |
|a nc
|2 RDAcarrier
|
| 200 |
1 |
|
|a Python-интенсив: 50 быстрых упражнений
|d Python workout: 50 ten-minute exercises
|f Реувен Лернер
|g пер. с англ. Г. Ярошенко
|z eng
|
| 203 |
|
|
|a Текст
|b визуальный
|c непосредственный
|
| 210 |
|
|
|a Москва
|c АСТ
|d 2024
|
| 215 |
|
|
|a 362 с.
|c ил.
|
| 225 |
1 |
|
|a Программирование для всех
|
| 283 |
|
|
|a volume
|2 RDAcarrier
|
| 330 |
|
|
|a Автор, Реувен М. Лернер преподает Python и data science компаниям по всему миру. "Python-интенсив: 50 быстрых упражнений" - пособие по программированию для продолжающих, тех, кто владеет теоретической базой языка Python. Книга отлично подойдет всем, кто хочет применить свои знания на практике. Перед каждым упражнением вы найдете теоретическую выжимку, необходимую для успешного выполнения заданий. Пособие также содержит ссылки на разбор упражнений и полезные материалы.
|
| 606 |
|
|
|a Python
|9 87977
|
| 610 |
1 |
|
|a программирование
|
| 610 |
1 |
|
|a итераторы
|
| 610 |
1 |
|
|a языки программирования
|
| 610 |
1 |
|
|a генераторы
|
| 610 |
1 |
|
|a кортежи
|
| 675 |
|
|
|a 004.432
|v 4
|
| 700 |
|
1 |
|a Лернер
|b Р.
|g Реувен
|
| 702 |
|
1 |
|4 730
|a Ярошенко
|b Г.
|
| 801 |
|
0 |
|a RU
|b 63413507
|c 20251201
|
| 942 |
|
|
|c BK
|